000 00495nam a2200193Ia 4500
005 20260429112217.0
008 260429s9999||||xx |||||||||||||| ||und||
020 _a9789388950657
041 _aEnglish
082 _a370.72
_bDEH
100 _aDehal, Pardeep Singh
245 0 _aEducation research /
_cPardeep Singh Dehal
250 _a1st ed.
260 _aNew Delhi :
_bSSDN Publishers,
_c2024.
300 _aix, 234 p.; hb
650 _a Research
650 _aEducation
942 _cTB
999 _c52916
_d52916